000
00261nam a2200109Ia 4500
008
190216s9999||||xx |||||||||||||| ||und||
100
_a
Norris Me Whirters
245
0
_a
Guinnes Book Of World Records
260
_b
Bantam Books
650
_a
English
942
_c
BK
999
_c
13340
_d
13340